00571nam a22001697a 450000500170000001000150001702000260003203500130005803700130007108200100008410000190009424501260011325000110023926000320025027000930028230000260037520161110115143.0 aENG-116350 a9789350357224c150.00 aEN-99882 bDBAD/PUB a174.3 aRosedar S.R.A. aProfessional ethics, acountancy of lawyers and Bar-Banch relationship :cby Roserdar S.R.Ab(practical tranning paper) / a2nd ed aGurgaon bLexisNexis c2016 a14th Floor, Building No.10, Tower-B, DLF Cyber City, Phase-IIbGurgaon (Haryana)e122002 axiii,257p.c21cm(pbk)